| 000 | 00689nam a2200265 a 4500 | ||
|---|---|---|---|
| 999 |
_c5344 _d5344 |
||
| 001 | 5344 | ||
| 003 | BD-JhCC | ||
| 005 | 20171213104441.0 | ||
| 008 | 171213s19411965e |||| || | 001 0 eng d | ||
| 035 | _a(BD-JhCC)5344 | ||
| 040 |
_aBD-JhCC _dBD-JhCC |
||
| 041 | _aeng | ||
| 082 |
_a155.41323 _bPLA 1965 |
||
| 100 | _aPlaget, Jean | ||
| 245 |
_aThe child's Conception of Number / _cJean Plaget, |
||
| 250 | _a3rd ed. | ||
| 260 |
_aLondon : _bRoutledge & Kegan Paul Ltd, _c1965. |
||
| 300 |
_a248 p. : _c21 cm. |
||
| 504 | _aincludes Index | ||
| 650 | _aNumber Concept in Children | ||
| 650 | _aNumber Concept | ||
| 650 | _aChild Psychology | ||
| 942 |
_2ddc _cBK |
||